| 000 | 00432nam a2200157Ia 4500 | ||
|---|---|---|---|
| 003 | GCL | ||
| 008 | 140319s9999 xx 000 0 eng d | ||
| 040 |
_aGCL / _cGCL |
||
| 082 | 0 | 4 |
_a515.9 _bF C |
| 100 | 1 | _aGAAITE, GARMEN MARTIN | |
| 245 | 1 | 0 |
_aCOMPLEX VARIABLES: AN INTRODUCTION / _cGAAITE, GARMEN MARTIN |
| 260 |
_a[S.N] : _bMACMILLAN PUBLISHING COMPANY ، _c1993 |
||
| 300 | _a402 P | ||
| 650 | 0 | 4 | _aCOMPLEXITY |
| 942 |
_2ddc _cBK |
||
| 999 |
_c18363 _d18363 |
||